| 000 | 00731cam a2200229 4500 | ||
|---|---|---|---|
| 001 | ABS62464 | ||
| 008 | 000000n2000 000 0 eng u | ||
| 035 | _a(Sirsi) u106465 | ||
| 100 | _aSweeting, J. | ||
| 245 | _aRisk analysis without Monte Carlo simulation | ||
| 260 | _c2000 | ||
| 490 |
_aCost Engineer _v38(3) May 2000, 17-20(4) |
||
| 520 | _aConsiders whether the Monte Carlo simulation method is always the most appropriate risk assessment technique. Suggests some alternatives. Examples. | ||
| 590 | _aABS | ||
| 650 | _aRISK ASSESSMENT | ||
| 650 | _aMONTE CARLO SIMULATION | ||
| 650 | _aMONTE CARLO METHOD | ||
| 650 | _aRISK ANALYSIS | ||
| 650 | _aCOST ENGINEERING | ||
| 690 | _aECONOMIC ISSUES | ||
| 942 | _n0 | ||
| 999 |
_c63773 _d63773 |
||